| 000 | 00738nas a2200241 4500 | ||
|---|---|---|---|
| 001 | BR7700860 | ||
| 003 | BR-BrBNA | ||
| 005 | 20231205083056.0 | ||
| 007 | ta | ||
| 008 | 230509b bl.|||p| |||| 00| 00por d | ||
| 040 |
_aBR-BrBNA _bpor _cBiblioteca Nacional de Agricultura |
||
| 041 | _a(Pt) | ||
| 072 | _aH10; P12 | ||
| 100 | 1 | _aMendes, A. de C. | |
| 100 | 1 | _aBotelho, P.S.M. | |
| 100 | 1 | _aMacedo, N. | |
| 245 | 1 | _aEfeitos da irrigacao na infestacao da Diatraea saccharalis (F., 1794)em cana de acucar [Brasil] | |
| 650 | _aCANA DE ACUCAR | ||
| 650 | _aBROCA | ||
| 773 | 0 |
_tBrasil Acucareiro (Brazil) _xISSN 0006-9167 _g(May 1976), v. 87(5) p. 15-19 _wBR7700860 |
|
| 909 |
_a202311 _bLúcia _c55 _dLúcia Elande |
||
| 942 |
_2AGRIS _n0 _cANA |
||
| 999 |
_c96237 _d96237 |
||